000 00569nam a2200205Ia 4500
003 GCL
008 140319s9999 xx 000 0 ara d
040 _aGCL /
_cGCL
082 0 4 _a810.9
_bط ن
100 1 _aطه حسين
245 1 0 _aتجديد /
_cطه حسين
700 1 _aمحمد سيد كيلانى (تحقيق)
300 _a286 ص
490 _a
650 0 4 _aالادب العربى
650 0 4 _aالادب العربى - مقالات
650 0 4 _aطه حسين
650 0 4 _aالادب العربى - العصر الحديث
942 _2ddc
_cBK
999 _c38803
_d38803